[Event "CAN-ch U16"]
[Site "Ottawa"]
[Date "2013.07.12"]
[Round "5"]
[White "Muntaner, Daniel"]
[Black "Rochon, Frederic"]
[Result "1-0"]
[WhiteElo "1310"]
[BlackElo "1459"]
[PlyCount "105"]
[EventDate "2013.07.10"]
[EventType "swiss"]
[EventRounds "6"]
[EventCountry "CAN"]
[SourceTitle "EXT 2022"]
[Source "ChessBase"]
[SourceDate "2021.10.06"]
[SourceVersion "1"]
[SourceVersionDate "2021.10.06"]
[SourceQuality "1"]

1. e4 c5 2. Nf3 d6 3. d4 cxd4 4. Nxd4 Nf6 5. Nc3 g6 6. f3 Nc6 7. Be3 Bg7 8. Qd2 0-0 9. Bc4 Bd7 10. 0-0-0 Rc8 11. Bb3 Ne5 12. g4 Nc4 13. Bxc4 Rxc4 14. h4 Qa5 15. Nb3 Qc7 16. Bd4 a5 17. Bxf6 exf6 18. Qxd6 Be6 19. Qxc7 Rxc7 20. Nd5 Rc4 21. Rd4 Rxd4 22. Nxd4 Bxd5 23. exd5 Rd8 24. c4 Rc8 25. b3 f5 26. Nb5 fxg4 27. fxg4 Be5 28. Kc2 Kf8 29. h5 Ke7 30. hxg6 hxg6 31. Kd3 Rh8 32. Rxh8 Bxh8 33. Ke4 Kd7 34. Kf4 Bf6 35. Ke4 Bh8 36. Na3 Kd6 37. Nb5+ Kd7 38. c5 Bb2 39. a4 Bh8 40. Nd4 Bg7 41. Nf3 f6 42. Nh4 Bf8 43. Kd4 Bg7 44. Kc4 g5 45. Nf5 Bf8 46. Kb5 Be7 47. c6+ bxc6+ 48. dxc6+ Kc7 49. Nxe7 f5 50. Nxf5 Kb8 51. Kb6 Ka8 52. b4 Kb8 53. c7+ 1-0